Catálogo
 En Linea

Un tiempo vivido con Claudia / (Registro nro. 44979)

Detalles MARC
000 -CABECERA
campo de control de longitud fija 00884nam a2200217 a 4500
001 - NÚMERO DE CONTROL
campo de control 000045490
005 - FECHA Y HORA DE LA ÚLTIMA TRANSACCIÓN
campo de control 20201002052259.0
008 - DATOS DE LONGITUD FIJA--INFORMACIÓN GENERAL
campo de control de longitud fija 150410s2015 dr 000 0 spa d
020 ## - NÚMERO INTERNACIONAL ESTÁNDAR DEL LIBRO
Número Internacional Estándar del Libro 9789945080926
040 ## - FUENTE DE LA CATALOGACIÓN
Centro catalogador/agencia de origen DO-SdBNP
Lengua de catalogación spa
Centro/agencia transcriptor BNPHU
082 ## - NÚMERO DE LA CLASIFICACIÓN DECIMAL DEWEY
Número de clasificación xxxx
Número de documento/Ítem xxxx
100 1# - ENTRADA PRINCIPAL--NOMBRE DE PERSONA
Nombre de persona Leonardo, Rafael
9 (RLIN) 73543
245 13 - MENCIÓN DE TÍTULO
Título Un tiempo vivido con Claudia /
Mención de responsabilidad, etc. Rafael Leonardo ; con la colaboración especial de Arelis Oviedo y Genova de la Rosa ; prólogo Juan Bolívar Rodríguez.
260 ## - PUBLICACIÓN, DISTRIBUCIÓN, ETC.
Lugar de publicación, distribución, etc. Santo Domingo
-- s. n.,
Fecha de publicación, distribución, etc. 2015.
300 ## - DESCRIPCIÓN FÍSICA
Extensión 214 p. ;
Dimensiones 21 cm.
490 1# - MENCIÓN DE SERIE
Mención de serie Historias juveniles de aventura social
Designación de volumen o secuencia 1
500 ## - NOTA GENERAL
Nota general La biblioteca posee 1 ejemplar autografiado por el autor
500 ## - NOTA GENERAL
Nota general Incluye datos biográficos del autor en la solapa de la contracubierta
700 12 - PUNTO DE ACCESO ADICIONAL--NOMBRE DE PERSONA
Nombre de persona Bolívar Rodríguez, Juan,
Término indicativo de función/relación pról.
9 (RLIN) 73544
830 #0 - PUNTO DE ACCESO ADICIONAL DE SERIE-TÍTULO UNIFORME
Título uniforme Historias juveniles de aventura social ;
Número de parte o sección de la obra 1
9 (RLIN) 73545
Existencias
Estado de retiro Estado de pérdida Restricciones de uso No para préstamo Código de colección Localización permanente Ubicación/localización actual Ubicación en estantería Fecha de adquisición Número de inventario Total de préstamos Signatura topográfica completa Código de barras Fecha visto por última vez Número de copia Precio válido a partir de Tipo de ítem Koha
        Dominicana de Servicio General General En catalogación 10.04.2015 LF1   xxxx xxxx 45490-30 25.06.2020 e .3 25.06.2020 Libro y Folleto Colección Dominicana de Servicio
      Excluido de préstamo Patrimonio Dominicano Patrimonio Dominicano Patrimonio Dominicano En catalogación 10.04.2015 LF1   xxxx xxxx 45490-10 25.06.2020   25.06.2020 Libro y Folleto Colección Patrimonio Dominicano
      Excluido de préstamo Patrimonio Dominicano Patrimonio Dominicano Patrimonio Dominicano En catalogación 10.04.2015 LF1   xxxx xxxx 45490-20 25.06.2020 e. 2 25.06.2020 Libro y Folleto Colección Patrimonio Dominicano

Con tecnología Koha